00553nam a22001572 4500001001100000005001700011008004100028020002600069040001500095100003700110245010800147260003900255300001800294650005100312700003200363000000850020151217152034.0080416s xx 000 0 eng d a0875525121 :cKES 500 aKABUcKABU1 aReeder III, Harry L.@000015910910aFrom embers to a flame :bhow God can revitalize your church /cHarry L. Reeder III with David Swavely. aPhillipsburg, NJ. :bP & R,c2004. a viii, 208 p. 0aChurch renewalxBiblical teaching.@00001591101 aSwavely, David.@0000159111